[Event "ARG-ch sf 98th"]
[Site "Buenos Aires"]
[Date "2023.05.07"]
[Round "9"]
[White "Lopez, Diego"]
[Black "Duarte Fernandez, Agustin"]
[Result "0-1"]
[WhiteElo "2059"]
[BlackElo "1948"]
[PlyCount "104"]
[EventDate "2023.04.29"]
[EventType "swiss"]
[EventRounds "9"]
[EventCountry "ARG"]
[SourceTitle "EXT 2024"]
[Source "ChessBase"]
[SourceDate "2023.10.10"]
[SourceVersion "1"]
[SourceVersionDate "2023.10.10"]
[SourceQuality "1"]

1. Nf3 d5 2. c4 d4 3. g3 c5 4. Bg2 Nc6 5. d3 e5 6. b4 cxb4 7. a3 a5 8. 0-0 Be6 9. Qa4 Qd7 10. Ng5 Bg4 11. Bd5 Nh6 12. Re1 f6 13. Ne4 Nf7 14. axb4 Bxb4 15. Bd2 0-0 16. Bxb4 Nxb4 17. Qxd7 Bxd7 18. Bxf7+ Kxf7 19. Na3 Bc6 20. Nc5 b6 21. Nb3 Rfc8 22. Reb1 Ke6 23. Rb2 Kd6 24. c5+ bxc5 25. Nc4+ Kc7 26. Rxa5 Rxa5 27. Nbxa5 Na6 28. Nxc6 Kxc6 29. Na5+ Kd7 30. Rb6 Nb4 31. Nc4 Rc7 32. Kg2 Ke7 33. h4 Nd5 34. Ra6 Nc3 35. Kf3 g6 36. Ra5 h5 37. Ra8 Nb5 38. Rg8 Kf7 39. Rb8 Nc3 40. Ra8 Re7 41. Nd6+ Kg7 42. Ne8+ Kh6 43. Kg2 f5 44. Nf6 Re6 45. Nd7 Nxe2 46. Ra7 Re7 47. Rb7 c4 48. dxc4 d3 49. Kf1 e4 50. c5 Nxg3+ 51. Ke1 f4 52. c6 e3 0-1

[Event "ARG-ch sf 98th"]
[Site "Buenos Aires"]
[Date "2023.05.04"]
[Round "6"]
[White "Robledo, Eduardo"]
[Black "Lopez, Diego"]
[Result "0-1"]
[WhiteElo "1842"]
[BlackElo "2059"]
[PlyCount "107"]
[EventDate "2023.04.29"]
[EventType "swiss"]
[EventRounds "9"]
[EventCountry "ARG"]
[SourceTitle "CBM 214 Extra"]
[Source "ChessBase"]
[SourceDate "2023.07.31"]
[SourceVersion "1"]
[SourceVersionDate "2023.07.31"]
[SourceQuality "1"]

1. d4 Nf6 2. Bf4 d5 3. e3 c5 4. c3 Nc6 5. Nd2 g6 6. Ngf3 Bg7 7. Be2 0-0 8. Ne5 Nd7 9. Nxd7 Bxd7 10. Nf3 cxd4 11. exd4 Bf5 12. 0-0 a6 13. a4 Qb6 14. Qd2 Na5 15. Ra2 Nc4 16. Bxc4 dxc4 17. Bh6 Rfe8 18. Bxg7 Kxg7 19. Re1 Rad8 20. Re5 f6 21. a5 Qc7 22. Re3 Rd5 23. Qe1 Kf7 24. Nd2 Bd3 25. Ne4 Bxe4 26. Rxe4 Rxa5 27. Rxa5 Qxa5 28. Re6 Qd5 29. Re3 b5 30. h4 h5 31. Qa1 Qd6 32. Qb1 e5 33. Rg3 f5 34. dxe5 Rxe5 35. Qc1 Qe7 36. Qf4 Re1+ 37. Kh2 Re4 38. Qd2 Qxh4+ 39. Kg1 Qe7 40. Qd5+ Kf6 41. Rh3 Re1+ 42. Kh2 Qe5+ 43. Qxe5+ Rxe5 44. Re3 Rxe3 45. fxe3 Ke6 46. Kg3 Ke5 47. Kf3 g5 48. g3 a5 49. Kf2 Ke4 50. Ke2 h4 51. gxh4 gxh4 52. Kf2 b4 53. cxb4 axb4 54. Kg2 0-1

[Event "Vicente Lopez ProAm 100 Years op"]
[Site "Buenos Aires"]
[Date "2022.10.14"]
[Round "4"]
[White "Adam, Ernestina"]
[Black "Lopez, Diego"]
[Result "0-1"]
[WhiteElo "1740"]
[BlackElo "2127"]
[PlyCount "120"]
[EventDate "2022.10.11"]
[EventType "swiss"]
[EventRounds "9"]
[EventCountry "ARG"]
[SourceTitle "CBM 210 Extra"]
[Source "ChessBase"]
[SourceDate "2022.11.30"]
[SourceVersion "1"]
[SourceVersionDate "2022.11.30"]
[SourceQuality "1"]

1. e4 c5 2. Nf3 e6 3. c3 Nf6 4. e5 Nd5 5. d4 cxd4 6. cxd4 d6 7. Bc4 Nb6 8. Bd3 dxe5 9. dxe5 N8d7 10. 0-0 Nc5 11. Bb5+ Bd7 12. Bxd7+ Qxd7 13. Qe2 Qd3 14. Nc3 Qxe2 15. Nxe2 Be7 16. Nc3 0-0 17. Be3 Rac8 18. Rfd1 Nc4 19. Bxc5 Bxc5 20. Na4 Bb4 21. a3 Ba5 22. b3 b5 23. bxc4 bxa4 24. Rac1 Rc5 25. Kf1 Rfc8 26. Rd4 h6 27. Ke2 Rb8 28. Rc2 Rb3 29. Rd3 g5 30. h3 h5 31. g4 hxg4 32. hxg4 Kg7 33. Re3 Bb6 34. Rd3 Kg6 35. Re3 Bc7 36. Rcc3 Rb2+ 37. Kf1 Bb6 38. Re2 Rb1+ 39. Kg2 Ba5 40. Rcc2 Rb3 41. Re3 Bc7 42. Rcc3 Bb6 43. Rxb3 axb3 44. Rxb3 Rxc4 45. Rb4 Rc2 46. Nd4 Rd2 47. Nc6 Rxf2+ 48. Kg3 Rc2 49. Nb8 Rc3+ 50. Kg2 Rxa3 51. Nd7 Rd3 52. Nf6 Bc7 53. Ne4 Bxe5 54. Rb5 Rd5 55. Rb7 a5 56. Ra7 Rd4 57. Kf3 a4 58. Nc5 Rf4+ 59. Ke2 Bd4 60. Ra5 Bxc5 0-1

[Event "ARG-ch sf 95th"]
[Site "Buenos Aires"]
[Date "2020.03.01"]
[Round "9"]
[White "Miranda, Rafael"]
[Black "Lopez, Diego"]
[Result "0-1"]
[WhiteElo "2311"]
[BlackElo "2053"]
[PlyCount "54"]
[EventDate "2020.02.22"]
[EventType "swiss"]
[EventRounds "9"]
[EventCountry "ARG"]
[SourceTitle "CBM 195 Extra"]
[Source "ChessBase"]
[SourceDate "2020.05.31"]
[SourceVersion "1"]
[SourceVersionDate "2020.05.31"]
[SourceQuality "1"]

1. e4 c6 2. d4 d5 3. e5 Bf5 4. Nf3 e6 5. Be2 Nd7 6. 0-0 h6 7. Nbd2 Ne7 8. Nb3 g5 9. Ne1 Qc7 10. Nd3 Bg6 11. f4 gxf4 12. Nxf4 c5 13. Nxg6 fxg6 14. c3 0-0-0 15. Be3 Nf5 16. Bf2 h5 17. a4 Kb8 18. a5 Be7 19. a6 b6 20. c4 dxc4 21. Nd2 cxd4 22. Nxc4 Nxe5 23. Qb3 Ng4 24. g3 Nxf2 25. Kxf2 d3 26. Bxd3 Bc5+ 27. Kg2 Qc6+ 0-1

[Event "ARG-ch sf 95th"]
[Site "Buenos Aires"]
[Date "2020.02.28"]
[Round "7"]
[White "Benedetti, Julio"]
[Black "Lopez, Diego"]
[Result "1-0"]
[WhiteElo "2295"]
[BlackElo "2053"]
[PlyCount "77"]
[EventDate "2020.02.22"]
[EventType "swiss"]
[EventRounds "9"]
[EventCountry "ARG"]
[SourceTitle "EXT 2021"]
[Source "ChessBase"]
[SourceDate "2020.10.23"]
[SourceVersion "1"]
[SourceVersionDate "2020.10.23"]
[SourceQuality "1"]

1. e4 c6 2. d4 d5 3. e5 c5 4. dxc5 e6 5. Nf3 Bxc5 6. Bd3 Nc6 7. 0-0 Nge7 8. Bf4 Ng6 9. Bg3 0-0 10. Nbd2 f6 11. Bxg6 hxg6 12. c4 fxe5 13. Nxe5 Nxe5 14. Bxe5 Qg5 15. Bg3 b6 16. Qe2 Bd7 17. Rad1 Rae8 18. Ne4 dxe4 19. Rxd7 e3 20. fxe3 Qxe3+ 21. Qxe3 Bxe3+ 22. Bf2 Rxf2 23. Rxf2 Rf8 24. Rdd2 Rf4 25. b3 a5 26. g3 Bxf2+ 27. Rxf2 Rd4 28. Kf1 a4 29. Ke2 axb3 30. axb3 Kh7 31. Rf3 Kh6 32. Rd3 Rxd3 33. Kxd3 Kg5 34. Ke4 Kf6 35. b4 e5 36. Kd5 Kf5 37. c5 bxc5 38. bxc5 e4 39. c6 1-0

[Event "Buenos Aires Szmetan Giardelli op"]
[Site "Buenos Aires"]
[Date "2018.12.12"]
[Round "9"]
[White "Lopez, Diego"]
[Black "Antelo, Guillermo Alberto"]
[Result "0-1"]
[WhiteElo "2173"]
[BlackElo "1933"]
[PlyCount "114"]
[EventDate "2018.12.04"]
[EventType "swiss"]
[EventRounds "9"]
[EventCountry "ARG"]
[SourceTitle "EXT 2024"]
[Source "ChessBase"]
[SourceDate "2023.10.10"]
[SourceVersion "1"]
[SourceVersionDate "2023.10.10"]
[SourceQuality "1"]

1. d4 d5 2. c4 e6 3. Nc3 Nf6 4. cxd5 exd5 5. Bg5 Be7 6. e3 c6 7. Qc2 Nbd7 8. Bd3 0-0 9. Nge2 Re8 10. 0-0 Nf8 11. f3 Nh5 12. Bxe7 Qxe7 13. e4 Be6 14. e5 g6 15. f4 Ng7 16. Ng3 f5 17. a3 Rec8 18. b4 a5 19. Rab1 axb4 20. axb4 b5 21. Qb2 Ra7 22. Ra1 Rca8 23. Rxa7 Qxa7 24. Nge2 Bd7 25. Rb1 Nge6 26. Nd1 Be8 27. Ne3 h5 28. Nc2 Nd7 29. Ra1 Qb7 30. Rxa8 Qxa8 31. Na1 Kf7 32. Kf2 Nb6 33. Nb3 Qa4 34. Nc5 Nxc5 35. dxc5 Nc4 36. Bxc4 bxc4 37. Nd4 Bd7 38. e6+ Bxe6 39. Nf3 Ke7 40. Qg7+ Ke8 41. Qxg6+ Bf7 42. Qxf5 Qxb4 43. Qc8+ Ke7 44. Qc7+ Kf8 45. Qd6+ Kg8 46. Qd8+ Kg7 47. Qg5+ Kf8 48. Qh6+ Kg8 49. Qg5+ Kf8 50. Qh6+ Kg8 51. Qxc6 c3 52. Qa8+ Kg7 53. c6 Qc5+ 54. Ke2 d4 55. Ne5 Bc4+ 56. Kd1 d3 57. Qb7+ Kh6 0-1

[Event "Buenos Aires Szmetan Giardelli op"]
[Site "Buenos Aires"]
[Date "2018.12.08"]
[Round "5"]
[White "Silva, Lucas"]
[Black "Lopez, Diego"]
[Result "1-0"]
[WhiteElo "2022"]
[BlackElo "2173"]
[PlyCount "83"]
[EventDate "2018.12.04"]
[EventType "swiss"]
[EventRounds "9"]
[EventCountry "ARG"]
[SourceTitle "CBM 187 Extra"]
[Source "ChessBase"]
[SourceDate "2018.11.04"]
[SourceVersion "1"]
[SourceVersionDate "2018.11.04"]
[SourceQuality "1"]

1. d4 Nf6 2. Bf4 e6 3. e3 c5 4. Nf3 d5 5. c3 Bd6 6. Bg3 Qc7 7. Ne5 0-0 8. Nd2 b6 9. f4 Bb7 10. Bd3 Nc6 11. Qf3 Ne7 12. Bh4 Nd7 13. Qh3 f5 14. Ndf3 Nf6 15. Rg1 Ne4 16. Bxe4 Bxe5 17. fxe5 dxe4 18. Ng5 h6 19. Nxe6 Qd7 20. Nxf8 Rxf8 21. Bxe7 Qxe7 22. 0-0-0 Bd5 23. Kb1 Qe6 24. a3 Bc4 25. Qh5 Bd3+ 26. Rxd3 exd3 27. Qd1 c4 28. Qf3 a5 29. Rf1 Qd7 30. d5 b5 31. d6 Qe6 32. Qf4 b4 33. Qd4 Rb8 34. Ka2 Kh7 35. Rb1 Rb5 36. d7 bxc3 37. d8Q c2 38. Q8d6 cxb1Q+ 39. Kxb1 Qc8 40. Qd7 Rxb2+ 41. Kxb2 Qb8+ 42. Ka1 1-0

[Event "Buenos Aires Szmetan Giardelli op"]
[Site "Buenos Aires"]
[Date "2018.12.05"]
[Round "2"]
[White "Villca, Julian"]
[Black "Lopez, Diego"]
[Result "1-0"]
[WhiteElo "2335"]
[BlackElo "2173"]
[PlyCount "93"]
[EventDate "2018.12.04"]
[EventType "swiss"]
[EventRounds "9"]
[EventCountry "ARG"]
[SourceTitle "CBM 187 Extra"]
[Source "ChessBase"]
[SourceDate "2018.11.04"]
[SourceVersion "1"]
[SourceVersionDate "2018.11.04"]
[SourceQuality "1"]

1. b3 d5 2. Nf3 Nf6 3. Bb2 c5 4. e3 a6 5. Be2 Nc6 6. 0-0 e6 7. d4 cxd4 8. exd4 Be7 9. Nbd2 0-0 10. Re1 b6 11. a3 Bb7 12. Bd3 Bd6 13. Ne5 Ne7 14. Ndf3 Ng6 15. g3 Ne4 16. Nd2 Nxd2 17. Qxd2 Nxe5 18. dxe5 Bc5 19. b4 Be7 20. Bd4 Qc7 21. Qe2 Rfc8 22. Qh5 g6 23. Qg4 Bc6 24. c3 Bb5 25. Bc2 a5 26. a4 Ba6 27. b5 Bb7 28. h4 h5 29. Qf4 Bc5 30. Rac1 Qe7 31. Qh6 Qf8 32. Qg5 Be7 33. Qf4 Rc4 34. Bb3 Rac8 35. Qe3 Ba3 36. Rc2 Bc5 37. Bxc4 dxc4 38. Rd2 Bd5 39. Red1 Qe7 40. Bxc5 Rxc5 41. Rd4 Kg7 42. Rf4 Qc7 43. Rf6 Ba8 44. Qf4 Qb7 45. f3 Rc7 46. Rd8 Rd7 47. Rxg6+ 1-0

[Event "ARG-chT"]
[Site "Villa Martelli"]
[Date "2017.09.09"]
[Round "6.1"]
[White "Lopez, Diego"]
[Black "Scarella, Enrique Alejandro"]
[Result "1/2-1/2"]
[WhiteElo "2172"]
[BlackElo "2328"]
[PlyCount "103"]
[EventDate "2017.08.05"]
[EventType "team-swiss"]
[EventRounds "9"]
[EventCountry "ARG"]
[SourceTitle "CBM 180 Extra"]
[Source "ChessBase"]
[SourceDate "2017.10.06"]
[SourceVersion "1"]
[SourceVersionDate "2017.10.06"]
[SourceQuality "1"]
[WhiteTeam "Ventajedrez Plastigal"]
[BlackTeam "Tacticos y Estrategas"]
[WhiteTeamCountry "ARG"]
[BlackTeamCountry "ARG"]

1. d4 d5 2. Nf3 Nf6 3. c4 dxc4 4. e3 g6 5. Bxc4 Bg7 6. 0-0 0-0 7. Nc3 Nfd7 8. e4 Nb6 9. Be2 Bg4 10. Be3 Nc6 11. d5 Bxf3 12. dxc6 Bxe2 13. Qxe2 bxc6 14. Rfd1 Qc8 15. Rac1 Qe6 16. b3 Bxc3 17. Rxc3 Qxe4 18. Rdc1 Nd5 19. Rxc6 Rfd8 20. R6c4 Qe6 21. Qf3 Qf5 22. Qxf5 gxf5 23. g4 Kg7 24. gxf5 Kf6 25. Rh4 Nxe3 26. fxe3 Rd2 27. Rc6+ Ke5 28. Rxc7 Rg8+ 29. Kf1 Rgg2 30. Rxe7+ Kf6 31. Rd7 Rdf2+ 32. Ke1 Rxa2 33. Kf1 Rgb2 34. Rhd4 Rxh2 35. Kg1 Rag2+ 36. Kf1 Rb2 37. Kg1 Rhe2 38. Kf1 Rh2 39. Kg1 Rhc2 40. R4d6+ Kg5 41. Rd1 Rg2+ 42. Kh1 Rh2+ 43. Kg1 f6 44. Rxa7 Kxf5 45. Rg7 h5 46. Rf1+ Ke5 47. Re7+ Kd6 48. Rg7 Rhe2 49. Rxf6+ Ke5 50. Rf1 h4 51. Rg5+ Ke6 52. Rg6+ 1/2-1/2

[Event "Villa Martelli ProAm op 23rd"]
[Site "Villa Martelli"]
[Date "2016.11.26"]
[Round "8"]
[White "Lopez Rebert, Pablo"]
[Black "Lopez, Diego"]
[Result "1/2-1/2"]
[WhiteElo "1926"]
[BlackElo "2161"]
[PlyCount "86"]
[EventDate "2016.11.20"]
[EventType "swiss"]
[EventRounds "9"]
[EventCountry "ARG"]
[SourceTitle "CBM 175 Extra"]
[Source "ChessBase"]
[SourceDate "2016.12.12"]
[SourceVersion "1"]
[SourceVersionDate "2016.12.12"]
[SourceQuality "1"]

1. e4 c5 2. c3 Nf6 3. e5 Nd5 4. d4 cxd4 5. Nf3 e6 6. cxd4 b6 7. Bd3 Bb7 8. Nc3 Na6 9. Nxd5 Bxd5 10. Bxa6 b5 11. 0-0 Qb6 12. Bxb5 Qxb5 13. b3 Be7 14. Bg5 Ba3 15. Bc1 Bb4 16. Bd2 a5 17. Ne1 Be7 18. Qg4 Kf8 19. Bg5 Bxg5 20. Qxg5 h6 21. Qc1 Ke7 22. Nc2 Rhc8 23. Qa3+ Ke8 24. Ne3 Qb4 25. Qb2 a4 26. Rab1 Rab8 27. Nxd5 exd5 28. Rfd1 Rc3 29. a3 Qa5 30. b4 Qc7 31. b5 Rb3 32. Qe2 Rxa3 33. Rdc1 Rc3 34. Rxc3 Qxc3 35. b6 Qc4 36. Qb2 Qc6 37. b7 Qa6 38. h3 a3 39. Qa2 Rxb7 40. Rxb7 Qxb7 41. Qxa3 Qc6 42. Qf3 Qe6 43. Qc3 Qc6 1/2-1/2

[Event "Villa Martelli ProAm op 23rd"]
[Site "Villa Martelli"]
[Date "2016.11.23"]
[Round "5"]
[White "Lopez, Diego"]
[Black "Cimer, Emanuel"]
[Result "0-1"]
[WhiteElo "2161"]
[BlackElo "2273"]
[PlyCount "78"]
[EventDate "2016.11.20"]
[EventType "swiss"]
[EventRounds "9"]
[EventCountry "ARG"]
[SourceTitle "CBM 175 Extra"]
[Source "ChessBase"]
[SourceDate "2016.12.12"]
[SourceVersion "1"]
[SourceVersionDate "2016.12.12"]
[SourceQuality "1"]

1. d4 Nf6 2. c4 g6 3. Nf3 Bg7 4. g3 0-0 5. Bg2 d6 6. 0-0 Nbd7 7. Nc3 e5 8. e4 c6 9. h3 Qa5 10. Re1 exd4 11. Nxd4 Ne5 12. Bf1 Re8 13. Be3 c5 14. Ndb5 Nxe4 15. f4 Nxc3 16. Nxc3 Nc6 17. Kh2 Be6 18. Bd2 Nd4 19. Bg2 Qc7 20. b3 Bf5 21. Rxe8+ Rxe8 22. Qh1 Nc2 23. Rd1 Bxc3 24. Bxc3 Re2 25. Qf1 Qe7 26. Rd2 Rxd2 27. Bxd2 Nd4 28. Qf2 Kf8 29. Bc3 Be4 30. Bxd4 Bxg2 31. Bxc5 Bc6 32. Qd4 Qe2+ 33. Qf2 Qe4 34. Bxd6+ Kg8 35. g4 h5 36. gxh5 gxh5 37. f5 h4 38. Qg1+ Kh7 39. Bc5 Qf4+ 0-1

[Event "Villa Martelli ProAm op 23rd"]
[Site "Villa Martelli"]
[Date "2016.11.20"]
[Round "1"]
[White "Lopez, Diego"]
[Black "Bestetti, Hernando"]
[Result "1-0"]
[WhiteElo "2161"]
[BlackElo "1545"]
[PlyCount "79"]
[EventDate "2016.11.20"]
[EventType "swiss"]
[EventRounds "9"]
[EventCountry "ARG"]
[SourceTitle "CBM 175 Extra"]
[Source "ChessBase"]
[SourceDate "2016.12.12"]
[SourceVersion "1"]
[SourceVersionDate "2016.12.12"]
[SourceQuality "1"]

1. d4 d5 2. c4 e6 3. Nc3 Bb4 4. Qa4+ Nc6 5. Nf3 Bd7 6. Qc2 Nf6 7. e3 Ne4 8. Bd3 Nxc3 9. bxc3 dxc4 10. Bxc4 Be7 11. 0-0 0-0 12. e4 Na5 13. Be2 f5 14. Ne5 f4 15. Bb2 Bd6 16. Nxd7 Qxd7 17. c4 Nc6 18. e5 Be7 19. Rfd1 Rf5 20. Qe4 Raf8 21. d5 Nd8 22. dxe6 Qxe6 23. Bg4 h5 24. Bxf5 Rxf5 25. Qd5 f3 26. Rd3 fxg2 27. Kxg2 c6 28. Qe4 Qg6+ 29. Kh1 Ne6 30. Rf3 Rg5 31. Qxg6 Rxg6 32. Rd1 Nc5 33. Rg3 Re6 34. f4 Ne4 35. Rg2 h4 36. f5 Rh6 37. f6 Ng3+ 38. hxg3 hxg3+ 39. Kg1 Bc5+ 40. Bd4 1-0

[Event "Villa Martelli ProAm op 23rd"]
[Site "Villa Martelli"]
[Date "2016.11.20"]
[Round "2"]
[White "Rodriguez Vila, Andres"]
[Black "Lopez, Diego"]
[Result "1/2-1/2"]
[WhiteElo "2447"]
[BlackElo "2161"]
[PlyCount "104"]
[EventDate "2016.11.20"]
[EventType "swiss"]
[EventRounds "9"]
[EventCountry "ARG"]
[SourceTitle "CBM 175 Extra"]
[Source "ChessBase"]
[SourceDate "2016.12.12"]
[SourceVersion "1"]
[SourceVersionDate "2016.12.12"]
[SourceQuality "1"]

1. e4 c5 2. Nf3 e6 3. d3 Nc6 4. g3 g6 5. Bg2 Bg7 6. 0-0 Nge7 7. c3 e5 8. Be3 d6 9. Qd2 0-0 10. Na3 b6 11. Bh6 Ba6 12. Bxg7 Kxg7 13. b4 cxb4 14. cxb4 b5 15. d4 Rc8 16. Nc2 Qb6 17. Rad1 Bb7 18. Bh3 Rc7 19. d5 Nb8 20. Ne3 Ng8 21. Nh4 Bc8 22. Bg2 f6 23. f4 Nh6 24. Kh1 Ng4 25. Nxg4 Bxg4 26. Rc1 Rfc8 27. fxe5 dxe5 28. h3 Rxc1 29. Rxc1 Qd4 30. Qxd4 Rxc1+ 31. Qg1 Rxg1+ 32. Kxg1 Be2 33. Kf2 Bc4 34. a3 Nd7 35. Nf3 Nb6 36. g4 Nc8 37. Ke3 Nd6 38. h4 Ba2 39. Bf1 Bc4 40. Bh3 Ba2 41. Nd2 f5 42. g5 h6 43. Bf1 hxg5 44. hxg5 fxe4 45. Nxe4 Nf5+ 46. Kf2 Bxd5 47. Nc3 Bc4 48. Nxb5 Bxf1 49. Kxf1 a6 50. Nc7 Ne3+ 51. Ke2 Nc2 52. Kd3 Nxa3 1/2-1/2

[Event "ARG-chT"]
[Site "Villa Martelli"]
[Date "2015.10.24"]
[Round "9.7"]
[White "Lopez, Diego"]
[Black "Garcia Campitelli, Gonzalo"]
[Result "1/2-1/2"]
[WhiteElo "2134"]
[BlackElo "2027"]
[PlyCount "102"]
[EventDate "2015.08.29"]
[EventType "team-swiss"]
[EventRounds "9"]
[EventCountry "ARG"]
[SourceTitle "EXT 2017"]
[Source "ChessBase"]
[SourceDate "2016.10.25"]
[SourceVersion "1"]
[SourceVersionDate "2016.10.25"]
[SourceQuality "1"]
[WhiteTeam "Ventajedrez Plastigal"]
[BlackTeam "Tren Verde"]
[WhiteTeamCountry "ARG"]
[BlackTeamCountry "ARG"]

1. d4 Nf6 2. Nf3 e6 3. c4 d5 4. g3 c6 5. Bg2 Bd6 6. 0-0 0-0 7. Qc2 Nbd7 8. Nbd2 Re8 9. Rd1 Qe7 10. e4 dxe4 11. Nxe4 Nxe4 12. Qxe4 h6 13. Ne5 Rb8 14. b3 c5 15. Bb2 Bxe5 16. dxe5 b6 17. Qc6 Nf8 18. Qd6 Bb7 19. Qxe7 Rxe7 20. Rd6 Bxg2 21. Kxg2 Rbb7 22. Rad1 Red7 23. Kf3 Rxd6 24. Rxd6 Rd7 25. Rxd7 Nxd7 26. Ke4 g6 27. a3 Kf8 28. b4 Ke8 29. Bc1 h5 30. Bg5 Nb8 31. b5 Nd7 32. f3 Nf8 33. g4 Nd7 34. Kf4 hxg4 35. fxg4 Kf8 36. h4 Kg8 37. Be7 Kg7 38. Kg5 Kh7 39. Bd6 Kg7 40. h5 gxh5 41. gxh5 Kh7 42. a4 Kg7 43. Be7 Kh7 44. Bf6 Nf8 45. Bd8 Nd7 46. Bc7 Kg7 47. Bd8 Kh7 48. Bf6 Nf8 49. h6 Nd7 50. Bg7 Kg8 51. Bf6 Kh7 1/2-1/2

[Event "ARG-ch sf 90th"]
[Site "Buenos Aires"]
[Date "2015.08.21"]
[Round "2"]
[White "Tristan, Leonardo"]
[Black "Lopez, Diego"]
[Result "1-0"]
[WhiteElo "2425"]
[BlackElo "2157"]
[PlyCount "75"]
[EventDate "2015.08.20"]
[EventType "swiss"]
[EventRounds "9"]
[EventCountry "ARG"]
[SourceTitle "EXT 2016"]
[Source "ChessBase"]
[SourceDate "2015.10.08"]
[SourceVersion "1"]
[SourceVersionDate "2015.10.08"]
[SourceQuality "1"]

1. f4 d5 2. Nf3 g6 3. g3 Bg7 4. Bg2 Nf6 5. 0-0 0-0 6. d3 d4 7. c3 Nc6 8. e4 dxe3 9. d4 Ng4 10. Qe2 f6 11. h3 Nh6 12. Bxe3 Nf7 13. Rd1 e6 14. c4 Qe7 15. Nc3 Bd7 16. d5 Nb4 17. Qf2 Na6 18. Re1 e5 19. Rad1 Rae8 20. a3 Qd8 21. b4 Qc8 22. Kh2 exf4 23. Bxf4 f5 24. Nb5 c5 25. Nd6 Nxd6 26. Bxd6 cxb4 27. Bxf8 Bxf8 28. Rxe8 Bxe8 29. axb4 Nxb4 30. d6 Nc6 31. c5 Bd7 32. Ng5 Bg7 33. Qa2+ Kh8 34. Nf7+ Kg8 35. Ne5+ Kh8 36. Nxd7 Qxd7 37. Bxc6 bxc6 38. Re1 1-0

[Event "Buenos Aires La Porta Cup"]
[Site "Buenos Aires"]
[Date "2014.12.18"]
[Round "6"]
[White "Rodriguez, Jorge Luis"]
[Black "Lopez, Diego"]
[Result "1/2-1/2"]
[WhiteElo "2406"]
[BlackElo "2082"]
[PlyCount "62"]
[EventDate "2014.12.13"]
[EventType "swiss"]
[EventRounds "9"]
[EventCountry "ARG"]
[SourceTitle "EXT 2016"]
[Source "ChessBase"]
[SourceDate "2015.10.08"]
[SourceVersion "1"]
[SourceVersionDate "2015.10.08"]
[SourceQuality "1"]

1. c4 Nf6 2. Nc3 e6 3. e4 d6 4. d4 c5 5. d5 exd5 6. cxd5 g6 7. f4 Bg7 8. Nf3 0-0 9. Be2 Re8 10. e5 dxe5 11. fxe5 Ng4 12. Bg5 Qb6 13. 0-0 Nxe5 14. d6 Qxb2 15. Nd5 Nxf3+ 16. Bxf3 Qxa1 17. Qxa1 Bxa1 18. Rxa1 Re5 19. Ne7+ Kg7 20. Nxc8 Nd7 21. Bxb7 Rb8 22. Bc6 Rxg5 23. Bxd7 Rd5 24. Bc6 Rd2 25. d7 c4 26. Rc1 c3 27. h3 Rbb2 28. Rxc3 Rxa2 29. Rc5 Rd1+ 30. Kh2 Raa1 31. Bf3 Rxd7 1/2-1/2

[Event "Buenos Aires Duchamp Boca op 3rd"]
[Site "Buenos Aires"]
[Date "2013.06.26"]
[Round "6"]
[White "Lopez, Diego"]
[Black "Lidovsky, Sergio"]
[Result "1-0"]
[WhiteElo "2133"]
[BlackElo "1791"]
[PlyCount "67"]
[EventDate "2013.06.20"]
[EventType "swiss"]
[EventRounds "9"]
[EventCountry "ARG"]
[SourceTitle "CBM 155 Extra"]
[Source "ChessBase"]
[SourceDate "2013.08.26"]
[SourceVersion "1"]
[SourceVersionDate "2013.08.26"]
[SourceQuality "1"]

1. d4 Nf6 2. c4 e6 3. Nf3 Bb4+ 4. Bd2 Qe7 5. g3 0-0 6. Bg2 Bxd2+ 7. Nbxd2 d6 8. 0-0 a5 9. Qc2 Nc6 10. e4 e5 11. d5 Nb8 12. Ne1 Na6 13. Nd3 Bd7 14. h3 c6 15. dxc6 Bxc6 16. a3 Rfc8 17. b4 axb4 18. axb4 b5 19. Rfc1 Bb7 20. Qb3 bxc4 21. Rxc4 Nc7 22. Rxa8 Rxa8 23. b5 Ne6 24. Qb2 h5 25. Nb4 Nc5 26. Nd5 Bxd5 27. exd5 Nfd7 28. Ne4 Nb6 29. Rc2 Nxe4 30. Bxe4 Ra4 31. Rc6 Qa7 32. Qc2 Nd7 33. Rc8+ Nf8 34. Bh7+ 1-0

[Event "Buenos Aires Duchamp Boca op 3rd"]
[Site "Buenos Aires"]
[Date "2013.06.24"]
[Round "4"]
[White "Denon, Nicole"]
[Black "Lopez, Diego"]
[Result "1-0"]
[WhiteElo "1738"]
[BlackElo "2133"]
[PlyCount "149"]
[EventDate "2013.06.20"]
[EventType "swiss"]
[EventRounds "9"]
[EventCountry "ARG"]
[SourceTitle "CBM 155 Extra"]
[Source "ChessBase"]
[SourceDate "2013.08.26"]
[SourceVersion "1"]
[SourceVersionDate "2013.08.26"]
[SourceQuality "1"]

1. e4 c5 2. Nc3 e6 3. g4 Nc6 4. Bg2 h5 5. gxh5 Qg5 6. Bf3 Nd4 7. d3 Qd8 8. h4 Be7 9. Nce2 Nc6 10. Be3 d6 11. Qd2 e5 12. Bg5 Be6 13. c3 Qa5 14. Ng3 0-0-0 15. Bg2 f6 16. Be3 Nh6 17. Bxh6 Rxh6 18. Bh3 Bxh3 19. Nxh3 d5 20. Qe2 Kb8 21. 0-0 Rhh8 22. Nf5 Qc7 23. Kh1 Qd7 24. Rad1 g6 25. hxg6 Rxh4 26. Qf3 Rhh8 27. g7 Rh7 28. Rg1 Rg8 29. exd5 Nd8 30. Kg2 Nf7 31. Kf1 Nd6 32. Nxe7 Qxe7 33. Rg6 Ne8 34. Ke2 Rhxg7 35. Rxg7 Rxg7 36. Rg1 Rf7 37. Kd2 Kc7 38. Qe4 Nd6 39. Qa4 Rh7 40. Qg4 f5 41. Qg2 e4 42. Ng5 exd3 43. Ne6+ Kb6 44. Kxd3 Qh4 45. b3 Rd7 46. c4 Ne4 47. f3 Nd6 48. Qg3 Qh8 49. Qf2 Ne4 50. fxe4 fxe4+ 51. Kxe4 Qh7+ 52. Qf5 Qh4+ 53. Kf3 Qh2 54. Rg2 Qh1 55. Kg3 Qe1+ 56. Rf2 Qg1+ 57. Kf3 Qh1+ 58. Ke2 Qa1 59. Qf6 Qxa2+ 60. Kf1 Qb1+ 61. Kg2 Qe4+ 62. Kg3 Qe3+ 63. Kg4 Qe4+ 64. Nf4+ Kc7 65. Qg6 Qd4 66. Qc2 Rg7+ 67. Kf3 Rf7 68. Qe4 Qd1+ 69. Kg3 Qg1+ 70. Rg2 Qa1 71. Ne6+ Kb6 72. Qe3 Ka6 73. Nxc5+ Ka5 74. Qd2+ Kb6 75. Qb4+ 1-0

[Event "American Continental 09th"]
[Site "Cochabamba"]
[Date "2013.05.15"]
[Round "11"]
[White "Lopez, Diego"]
[Black "Lopez, Bruno"]
[Result "0-1"]
[WhiteElo "2171"]
[BlackElo "1734"]
[PlyCount "56"]
[EventDate "2013.05.07"]
[EventType "swiss"]
[EventRounds "11"]
[EventCountry "BOL"]
[SourceTitle "CBM 154 Extra"]
[Source "ChessBase"]
[SourceDate "2013.06.25"]
[SourceVersion "2"]
[SourceVersionDate "2013.06.25"]
[SourceQuality "1"]

1. d4 d5 2. c4 e6 3. Nc3 Nf6 4. cxd5 exd5 5. Bg5 c6 6. e3 Bf5 7. Bd3 Bxd3 8. Qxd3 Nbd7 9. Nf3 Bd6 10. 0-0 0-0 11. Rab1 Re8 12. b4 a6 13. a4 Qc7 14. Rfc1 Re6 15. Qd1 Nb6 16. b5 Ne4 17. Bh4 Rh6 18. Bg3 Bxg3 19. hxg3 Rh1+ 20. Kxh1 Nxf2+ 21. Kh2 Nxd1 22. Rxd1 Re8 23. Re1 f5 24. bxa6 bxa6 25. Ne5 Rb8 26. a5 Nc4 27. Rxb8+ Qxb8 28. Nxc6 Qd6 0-1